Is it time to turnaround turnover agreement? (Record no. 83991)
[ view plain ]
| 000 -LEADER | |
|---|---|
| fixed length control field | 00734cab a22001935a 4500 |
| 001 - CONTROL NUMBER | |
| control field | L156349 |
| 008 - FIXED-LENGTH DATA ELEMENTS--GENERAL INFORMATION | |
| fixed length control field | 120515e20120428xxk 000 0 eng d |
| 035 ## - SYSTEM CONTROL NUMBER | |
| System control number | (Sirsi) u156349 |
| 041 0# - LANGUAGE CODE | |
| Language code of text/sound track or separate title | eng |
| 110 2# - MAIN ENTRY--CORPORATE NAME | |
| Corporate name or jurisdiction name as entry element | Craig, Jenny |
| 9 (RLIN) | 6071 |
| 245 00 - TITLE STATEMENT | |
| Title | Is it time to turnaround turnover agreement? |
| 260 ## - PUBLICATION, DISTRIBUTION, ETC. | |
| Date of publication, distribution, etc. | 2012 |
| 490 ## - SERIES STATEMENT | |
| Series statement | Estates Gazette |
| Volume/sequential designation | (1217) 28 April 2012, 108(1) |
| 520 ## - SUMMARY, ETC. | |
| Summary, etc. | Landlords should check the wording of turnover based rent deals to avoid missing out on increased sales due to new shopping techniques. Recommends suitable turnover agreement wording to reflect these changing retail practices now and in the future. |
| 590 ## - LOCAL NOTE (RLIN) | |
| Local note | KA |
| 651 #4 - SUBJECT ADDED ENTRY--GEOGRAPHIC NAME | |
| Geographic name | United Kingdom |
| 690 ## - LOCAL SUBJECT ADDED ENTRY--TOPICAL TERM (OCLC, RLIN) | |
| Topical term or geographic name as entry element | Landlord and tenant |
| 9 (RLIN) | 6252 |
| 942 ## - ADDED ENTRY ELEMENTS (KOHA) | |
| Suppress in OPAC | 0 |
| Withdrawn status | Lost status | Source of classification or shelving scheme | Damaged status | Not for loan | Home library | Current library | Shelving location | Date acquired | Total Checkouts | Full call number | Barcode | Date last seen | Copy number | Price effective from | Koha item type |
|---|---|---|---|---|---|---|---|---|---|---|---|---|---|---|---|
| Dewey Decimal Classification | London | London | Journal article | 15/05/2012 | L156349 | 156349-1001 | 06/08/2019 | 1 | 06/08/2019 | Journal article |